000 00333nam a2200133Ia 4500
008 220216s9999 xx 000 0 und d
100 _aJoseph M O
245 0 _aExpansion of rubber plantation in Assam
260 _bRubber Board Bulletin
_c1987
300 _a4-Mar
650 _aAssam
650 _aRubber cultivation
942 _cJS
999 _c59094
_d59094